Back to Slavic Legal History?: On the Use of Historical Linguistics in the History of Slavic Law
| Titel: | Back to Slavic Legal History?: On the Use of Historical Linguistics in the History of Slavic Law / Tomáš Gábriš und Róbert Jáger |
|---|---|
| Verfasser: | ; |
| In: |
Frühmittelalterliche Studien, Band 53, Heft 1 (2019), Seite 39-66 alle Artikel anzeigen |
| Veröffentlicht: | 2019 |
| Format: | Aufsatz |
| Sprache: | Englisch |
X
alg: 52343399
001A $03025:08-11-24
001B $01999:08-11-24 $t23:59:28.000
001D $03025:08-11-24
001U $0utf8
001X $00
002@ $0Oou
002C $aText $btxt $2rdacontent
002D $aComputermedien $bc $2rdamedia
002E $aOnline-Ressource $bcr $2rdacarrier
003@ $0523433999
007A $0523433999 $aHEB
009Q $uhttps://doi.org/10.1515/fmst-2019-002 $xVolltext
010@ $aeng
010E $erda
011@ $a2019
021A $aBack to Slavic Legal History?: On the Use of Historical Linguistics in the History of Slavic Law $hTomáš Gábriš und Róbert Jáger
028A $BVerfasser $4aut $71173014683 $8Gábriš, Tomáš$Z1981- [Tp3] $9439689236
028C $BVerfasser $4aut $71347702431 $8Jáger, Róbert$Z1980- [Tp3] $9523433972
031A $d53 $e1 $h39-66 $j2019
039B $aEnthalten in $8--Obvc--. Frühmittelalterliche Studien. - Berlin {[u.a.] : de Gruyter, 1967-. - Online-Ressource. - ISSN 1613-0812. - DOI 10.1515/fmst $x201900000530001961 $9099332426
044K $RLinguistik $#Historical linguistics $#Linguistique historique $#Linguistica storica $#Lingüística histórica $#Diachrone Linguistik $#Historische Linguistik $#Sprachgeschichte Fach $74127276-6 $8Historische Sprachwissenschaft [Ts1] $9085436720
044K $RSlawin $#Slavs $#Slaves $#Eslavos $#Slawen $#Slawe $#Slawische Völker $#Slaven $#Slawisches Sprachgebiet $#Slawische Staaten $74077491-0 $8Slawen [Ts1] $908521955X
044K $#Law and legislation $#Law $#Jurisprudence $#Droit $#Derecho $#law $#Recht $#Recht $74048737-4 $8Recht [Tsz] $9085135747
045F $a417.7094370902 $eDDC23BSB
045F/01 $a417.7
045F/03 $f0902
045F/03 $g437
045G $a340.09 $eDDC23BSB
045G/01 $a340.09
045G/03 $f0902
045G/03 $g437
045T $a1
045T $aGER $qDE-30 $2FID
lok: 52343399 78
exp: 52343399 78 1 #EPN
201B/01 $008-11-24 $t14:44:41.000
201C/01 $008-11-24
201U/01 $0utf8
203@/01 $01282433709
208@/01 $a08-11-24 $be
209A/01 $a/ $f000 $x00
209A/01 $ab*p $x01
209A/01 $aEnglische Zusammenfassung, S. 403 $x03
220C/01 $apgar
244Z/01 $#Ostmitteleuropa $#Ostmitteleuropa $#Mitteleuropa, Ost $#Central Europe Ostmitteleuropa $#Mittelosteuropa $74075753-5 $8--Tg1--Ostmitteleuropa $x05 $9085214485
247C/01 $82080>Marburg/Lahn, Herder-Institut, Forschungsbibliothek, Bibliographieportal $9336309341
| LEADER | 00000caa a2200000 c 4500 | ||
|---|---|---|---|
| 001 | 523433999 | ||
| 003 | DE-603 | ||
| 005 | 20241108235928.0 | ||
| 007 | cr|||||||||||| | ||
| 008 | 241108s2019 xx |||| o| u00||u|eng c | ||
| 035 | |a (DE-599)HEB523433999 | ||
| 040 | |a DE-603 |b ger |c DE-603 |d DE-603 |e rda | ||
| 041 | |a eng | ||
| 082 | 0 | 4 | |8 1\u |a 417.7094370902 |q DE-101 |2 23/BSB |
| 083 | 0 | |8 2\u |a 340.09 |q DE-101 |2 23/BSB | |
| 084 | |a 1 |2 ssgn | ||
| 084 | |a GER |q DE-30 |2 fid | ||
| 085 | |8 1\u |b 417.7 | ||
| 085 | |8 1\u |z 1 |s 0902 | ||
| 085 | |8 1\u |z 2 |s 437 | ||
| 085 | |8 2\u |b 340.09 | ||
| 085 | |8 2\u |z 1 |s 0902 | ||
| 085 | |8 2\u |z 2 |s 437 | ||
| 100 | 1 | |a Gábriš, Tomáš |d 1981- |e Verfasser |4 aut |0 (DE-603)439689236 |0 (DE-588)1173014683 |2 gnd | |
| 245 | 0 | 0 | |a Back to Slavic Legal History?: On the Use of Historical Linguistics in the History of Slavic Law |c Tomáš Gábriš und Róbert Jáger |
| 264 | 0 | |c 2019 | |
| 336 | |a Text |b txt |2 rdacontent | ||
| 337 | |a Computermedien |b c |2 rdamedia | ||
| 338 | |a Online-Ressource |b cr |2 rdacarrier | ||
| 650 | 7 | |a Historische Sprachwissenschaft |0 (DE-588)4127276-6 |0 (DE-603)085436720 |2 gnd | |
| 650 | 7 | |a Slawen |0 (DE-588)4077491-0 |0 (DE-603)08521955X |2 gnd | |
| 650 | 7 | |a Recht |0 (DE-588)4048737-4 |0 (DE-603)085135747 |2 gnd | |
| 700 | 1 | |a Jáger, Róbert |d 1980- |e Verfasser |4 aut |0 (DE-603)523433972 |0 (DE-588)1347702431 |2 gnd | |
| 773 | 0 | 8 | |i Enthalten in |t Frühmittelalterliche Studien |d Berlin [u.a.] : de Gruyter, 1967- |h Online-Ressource |o 10.1515/fmst |x 1613-0812 |g Band 53, Heft 1 (2019), Seite 39-66 |w (DE-603)099332426 |w (DE-600)2051469-4 |
| 856 | |u https://doi.org/10.1515/fmst-2019-002 | ||
| 924 | 1 | |9 2080 |a (DE-603)1282433709 |b DE-2080 |c HES |d d |g / | |


